000 00368nam a22001457a 4500
020 _qPB.
040 _cFIZZA ISHAQ
082 _a005.1
_bERD
100 _aDAVIES,
_989642
245 _aCOMPUTER VISION PRINCIPLES ALGORITHMS APPLICATIONS /
_cE.R. DAVIES
250 _a5th ED.
260 _aLONDON ;
_bACADEMIC PRESS,
_c2018.
300 _a858 P. ;
942 _2ddc
_cBK
999 _c588276
_d588276